[Event "SV Günnigfeld 1 - Sport Union Annen 1"]
[Site "Verbandsklasse - Gruppe 1 201"]
[Date "2018.10.07"]
[Round "2.1"]
[White "Mainka, Gregor"]
[Black "Freisen, Thomas"]
[Result "1/2-1/2"]
[WhiteElo "2187"]
[BlackElo "1973"]
[PlyCount "40"]
[EventDate "2018.??.??"]

1. Nf3 Nf6 2. g3 g6 3. b3 Bg7 4. Bb2 O-O 5. Bg2 c5 6. c4 d5 7. cxd5 Nxd5 8.
Bxg7 Kxg7 9. Qc1 Qd6 10. Na3 Na6 11. O-O Rd8 12. Nc4 Qf6 13. Rd1 Bg4 14. Nce5
Bxf3 15. Nxf3 Rac8 16. Qc4 Nb8 17. Rac1 Rc7 18. d3 b6 19. e4 Nb4 20. a3 N4c6
1/2-1/2

[Event "SV Günnigfeld 1 - Sport Union Annen 1"]
[Site "Verbandsklasse - Gruppe 1 201"]
[Date "2018.10.07"]
[Round "2.2"]
[White "Markus, Peter"]
[Black "Wicht, Juergen"]
[Result "0-1"]
[WhiteElo "1950"]
[BlackElo "2001"]
[PlyCount "100"]
[EventDate "2018.??.??"]

1. e4 d6 2. d4 Nf6 3. Nc3 e5 4. Nf3 exd4 5. Qxd4 Be7 6. Bg5 O-O 7. Be2 Re8 8.
O-O Nbd7 9. Rfe1 Nc5 10. Bc4 Ne6 11. Bxe6 Bxe6 12. Rad1 h6 13. Bh4 g5 14. Bg3
Nh5 15. Nd5 Bxd5 16. Qxd5 Nxg3 17. hxg3 Bf6 18. c3 Qc8 19. Re2 Qe6 20. Qxe6
Rxe6 21. Rde1 Rae8 22. Kf1 g4 23. Nh4 Bxh4 24. gxh4 Kg7 25. f4 gxf3 26. gxf3 f5
27. Kf2 fxe4 28. fxe4 Kf6 29. Rf1 Rxe4 30. Kg3+ Kg6 31. Rxe4 Rxe4 32. Rf2 d5
33. Rd2 c6 34. Rf2 Re5 35. Kg4 h5+ 36. Kg3 Rf5 37. Re2 Kf7 38. Re3 c5 39. Re2
Kf6 40. Re8 Kf7 41. Rb8 b6 42. Rb7+ Ke6 43. Rxa7 d4 44. cxd4 cxd4 45. Ra6 d3
46. Rxb6+ Kd7 47. Rb7+ Kd6 48. Rb6+ Kc5 49. Rb8 d2 50. Rc8+ Kd4 0-1

[Event "SV Günnigfeld 1 - Sport Union Annen 1"]
[Site "Verbandsklasse - Gruppe 1 201"]
[Date "2018.10.07"]
[Round "2.3"]
[White "Sondermann, Dirk"]
[Black "Radi, Guenter"]
[Result "1/2-1/2"]
[WhiteElo "1844"]
[BlackElo "1896"]
[PlyCount "84"]
[EventDate "2018.??.??"]

1. d4 d5 2. Nf3 Nf6 3. e3 e6 4. c4 dxc4 5. Bxc4 c5 6. O-O a6 7. a4 Nc6 8. Nc3
Be7 9. Qe2 O-O 10. Rd1 Qc7 11. h3 Rd8 12. d5 exd5 13. Nxd5 Nxd5 14. Rxd5 Rxd5
15. Bxd5 Nb4 16. Bc4 Bf6 17. e4 Nc6 18. Be3 Ne5 19. Bf4 Be6 20. Bxe6 fxe6 21.
Rc1 Nxf3+ 22. Qxf3 Qc6 23. e5 Qxf3 24. gxf3 Be7 25. Be3 Rc8 26. a5 Kf7 27. Rc4
Rc6 28. Kf1 Ke8 29. Bd2 Kd7 30. h4 Rc8 31. Rg4 Bf8 32. Rf4 Ke8 33. b3 Rd8 34.
Ke2 Rd5 35. Bc3 Be7 36. Rg4 g6 37. f4 Kf7 38. Rg3 Bxh4 39. Rh3 Be7 40. Rxh7+
Kf8 41. Rh8+ Kf7 42. Rh7+ Kf8 1/2-1/2

[Event "SV Günnigfeld 1 - Sport Union Annen 1"]
[Site "Verbandsklasse - Gruppe 1 201"]
[Date "2018.10.07"]
[Round "2.4"]
[White "Funke, Eckhard"]
[Black "Hartung, Thomas"]
[Result "0-1"]
[WhiteElo "1817"]
[BlackElo "1922"]
[PlyCount "64"]
[EventDate "2018.??.??"]

1. d4 Nf6 2. Nf3 g6 3. c4 c5 4. d5 b5 5. cxb5 a6 6. bxa6 Bxa6 7. Nc3 Bg7 8. e4
Bxf1 9. Kxf1 d6 10. g3 O-O 11. Kg2 Nbd7 12. Qe2 Qa5 13. Re1 Rfb8 14. e5 dxe5
15. Nxe5 Nxe5 16. Qxe5 c4 17. Qd4 Nxd5 18. Qxd5 Bxc3 19. Qxa5 Bxa5 20. Re3 e6
21. Ra3 f6 22. Ra4 c3 23. bxc3 Bxc3 24. Rxa8 Rxa8 25. Rb1 Rxa2 26. Rb8+ Kf7 27.
Rb7+ Ke8 28. Be3 e5 29. Rxh7 f5 30. Rg7 f4 31. gxf4 exf4 32. Bb6 Bxg7 0-1

[Event "SV Günnigfeld 1 - Sport Union Annen 1"]
[Site "Verbandsklasse - Gruppe 1 201"]
[Date "2018.10.07"]
[Round "2.5"]
[White "Herrmann, Uwe"]
[Black "Jaennekes, Oliver"]
[Result "1/2-1/2"]
[WhiteElo "1886"]
[BlackElo "1791"]
[PlyCount "67"]
[EventDate "2018.??.??"]

1. d4 Nf6 2. c4 e6 3. Nf3 Bb4+ 4. Bd2 Qe7 5. a3 Bxd2+ 6. Nbxd2 d5 7. e3 a5 8.
Rc1 O-O 9. Qc2 c6 10. Bd3 Nbd7 11. O-O Re8 12. Rfe1 b6 13. cxd5 cxd5 14. Qc7
Ba6 15. Bxa6 Rxa6 16. Qb7 Raa8 17. Rc7 Rab8 18. Qc6 Qd8 19. Rc1 h6 20. Qd6 Re7
21. Qf4 Ne8 22. R7c2 a4 23. g4 f6 24. Kg2 g5 25. Qg3 b5 26. h4 b4 27. hxg5 hxg5
28. Rh1 Nf8 29. Rh6 bxa3 30. bxa3 Rbb7 31. Rc1 Rh7 32. Rch1 Rxh6 33. Rxh6 Rh7
34. Rxh7 1/2-1/2

[Event "SV Günnigfeld 1 - Sport Union Annen 1"]
[Site "Verbandsklasse - Gruppe 1 201"]
[Date "2018.10.07"]
[Round "2.7"]
[White "Jeschke, Holger"]
[Black "Bauer, Matthias"]
[Result "1/2-1/2"]
[WhiteElo "1892"]
[BlackElo "1538"]
[PlyCount "119"]
[EventDate "2018.??.??"]

1. b4 c6 2. Bb2 Nf6 3. e3 d5 4. Nf3 Bg4 5. Be2 Nbd7 6. h3 Bh5 7. a4 Qc7 8. d4
e6 9. c3 Bd6 10. Nbd2 O-O 11. Qc2 Bg6 12. Bd3 Bxd3 13. Qxd3 e5 14. dxe5 Nxe5
15. Nxe5 Bxe5 16. O-O Rfe8 17. Nf3 Bd6 18. Rac1 Rad8 19. Rfd1 h6 20. Qf5 Qd7
21. Qd3 Qc7 22. b5 Ne4 23. c4 Nc5 24. Qd4 f6 25. Qg4 Re4 26. Qf5 Qd7 27. Qxd7
Rxd7 28. bxc6 bxc6 29. cxd5 cxd5 30. Ba3 Nxa4 31. Bxd6 Rxd6 32. Rc8+ Kh7 33.
Nd4 Nb6 34. Rc5 Rd7 35. Ra1 Ree7 36. Nc6 Rf7 37. Rca5 Nc8 38. Rd1 Nb6 39. Nb4
Kg6 40. Nxd5 Rxd5 41. Rdxd5 Nxd5 42. Rxd5 Rc7 43. Ra5 Rc1+ 44. Kh2 Rc7 45. g4
Kf7 46. Kg3 Ke6 47. h4 Kd6 48. g5 hxg5 49. hxg5 fxg5 50. Kg4 Kc6 51. Kxg5 Kb6
52. Ra1 a5 53. e4 Ra7 54. e5 Kc6 55. f4 a4 56. e6 Kd6 57. f5 a3 58. Kg6 a2 59.
Rd1+ Kc5 60. Ra1 1/2-1/2

[Event "SV Günnigfeld 1 - Sport Union Annen 1"]
[Site "Verbandsklasse - Gruppe 1 201"]
[Date "2018.10.07"]
[Round "2.8"]
[White "Prigge, Juergen"]
[Black "Stergar, Lothar"]
[Result "1/2-1/2"]
[WhiteElo "1645"]
[BlackElo "1702"]
[PlyCount "25"]
[EventDate "2018.??.??"]

1. d4 Nf6 2. Nf3 g6 3. g3 Bg7 4. Bg2 O-O 5. O-O d5 6. Nbd2 c6 7. Re1 Bf5 8. c3
Na6 9. Nh4 Bd7 10. e4 dxe4 11. Nxe4 Nxe4 12. Bxe4 Nc7 13. Bg5 1/2-1/2

[Event "SC Buer-Hassel 1 - SV Unser Fritz 1"]
[Site "Verbandsklasse - Gruppe 2 201"]
[Date "2018.10.07"]
[Round "2.1"]
[White "Singbeil, Holger"]
[Black "Griebl, Joern"]
[Result "0-1"]
[WhiteElo "1952"]
[BlackElo "2173"]
[PlyCount "66"]
[EventDate "2018.??.??"]

1. Nf3 g6 2. g3 Bg7 3. Bg2 Nf6 4. O-O O-O 5. c4 d6 6. d4 c6 7. Nc3 Nbd7 8. e4
e5 9. dxe5 dxe5 10. Be3 Qe7 11. h3 Nc5 12. Qc2 Nh5 13. Bg5 f6 14. Be3 f5 15.
Bg5 Qf7 16. exf5 gxf5 17. Rfe1 e4 18. Nd2 Nd3 19. Re2 Nxg3 20. fxg3 Qh5 21.
Ndxe4 fxe4 22. Nxe4 Bxb2 23. Rd1 Bd4+ 24. Kh2 Nb4 25. Qd2 c5 26. Nxc5 Bxc5 27.
Bd5+ Kg7 28. Qb2+ Kg6 29. Be4+ Kf7 30. h4 Bg4 31. Qe5 Rae8 32. Rf1+ Kg8 33.
Rxf8+ Rxf8 0-1

[Event "SC Buer-Hassel 1 - SV Unser Fritz 1"]
[Site "Verbandsklasse - Gruppe 2 201"]
[Date "2018.10.07"]
[Round "2.2"]
[White "Bossy, Arnim"]
[Black "Jungbluth, Michael"]
[Result "1/2-1/2"]
[WhiteElo "2117"]
[BlackElo "1929"]
[PlyCount "47"]
[EventDate "2018.??.??"]

1. d4 Nf6 2. Bf4 e6 3. e3 c5 4. c3 b6 5. Nf3 Bb7 6. Bd3 Be7 7. h3 cxd4 8. exd4
O-O 9. O-O d6 10. Nbd2 Nbd7 11. Re1 Re8 12. Bh2 Bf8 13. Nc4 Nb8 14. a4 Nc6 15.
Rc1 Rc8 16. Bf1 Nb8 17. Ne3 Nbd7 18. Nc4 Nb8 19. Ra1 Ba6 20. Nfd2 d5 21. Ne5
Bxf1 22. Kxf1 Nc6 23. Nxc6 Rxc6 24. Qe2 1/2-1/2

[Event "SC Buer-Hassel 1 - SV Unser Fritz 1"]
[Site "Verbandsklasse - Gruppe 2 201"]
[Date "2018.10.07"]
[Round "2.3"]
[White "Distelrath, Oliver"]
[Black "Wolff, Christoph"]
[Result "0-1"]
[WhiteElo "1855"]
[BlackElo "1973"]
[PlyCount "110"]
[EventDate "2018.??.??"]

1. e4 c5 2. Nc3 Nc6 3. f4 d6 4. Nf3 a6 5. Be2 Nf6 6. O-O e6 7. Qe1 Be7 8. d3
Nd4 9. Bd1 Qc7 10. Ne2 e5 11. Nexd4 cxd4 12. fxe5 dxe5 13. Qg3 Be6 14. Qxe5 Bd6
15. Qg5 Ng4 16. h3 f6 17. Qd2 h5 18. c3 dxc3 19. Qxc3 Qb6+ 20. d4 Rc8 21. Qe1
Qc7 22. Bd2 Bg3 23. Rc1 Bxe1 24. Rxc7 Rxc7 25. Rxe1 Nh6 26. d5 Bf7 27. Ba5 Rd7
28. Bb6 O-O 29. Ba4 Rfd8 30. Rc1 Rd6 31. Bxd8 Rxd8 32. Rc7 b5 33. Bb3 a5 34. a3
Rd6 35. Rc8+ Kh7 36. Bc2 f5 37. exf5 g6 38. fxg6+ Bxg6 39. Ng5+ Kg7 40. Bxg6
Rxg6 41. Ne6+ Kf6 42. Rc5 b4 43. Rxa5 bxa3 44. bxa3 Nf5 45. Nf4 Rg5 46. Kf2 h4
47. Nd3 Ng3 48. Ra6+ Ke7 49. d6+ Kd7 50. Kf3 Nh5 51. Ke4 Ke6 52. a4 Nf6+ 53.
Kd4 Nd7 54. Nf4+ Kf5 55. Ke3 Rg3+ 0-1

[Event "SC Buer-Hassel 1 - SV Unser Fritz 1"]
[Site "Verbandsklasse - Gruppe 2 201"]
[Date "2018.10.07"]
[Round "2.4"]
[White "Wiechen, Ulrich"]
[Black "Mikulski, Georg"]
[Result "1-0"]
[WhiteElo "1929"]
[BlackElo "1903"]
[PlyCount "69"]
[EventDate "2018.??.??"]

1. e4 e5 2. Nf3 Nc6 3. Bc4 Nf6 4. d3 Be7 5. Nc3 d6 6. Be3 Be6 7. Nd5 Na5 8.
Nxf6+ Bxf6 9. Bxe6 fxe6 10. c3 Qd7 11. b4 Nc6 12. Qa4 O-O 13. O-O a6 14. Qc2
Ne7 15. a4 Ng6 16. g3 Be7 17. Qe2 Bf6 18. Rfc1 Rac8 19. c4 c6 20. Ra2 Bd8 21.
Rb1 Qf7 22. Kg2 Qd7 23. h4 h6 24. Nh2 Qf7 25. h5 Nh8 26. c5 d5 27. Ng4 Qc7 28.
d4 Nf7 29. f4 exf4 30. Bxf4 Qe7 31. Rf1 Bc7 32. exd5 Bxf4 33. dxe6 Ng5 34. gxf4
Nxe6 35. f5 1-0

[Event "SC Buer-Hassel 1 - SV Unser Fritz 1"]
[Site "Verbandsklasse - Gruppe 2 201"]
[Date "2018.10.07"]
[Round "2.5"]
[White "Goessling, Juergen"]
[Black "Hirschberg, Markus"]
[Result "1/2-1/2"]
[WhiteElo "1723"]
[BlackElo "1796"]
[PlyCount "57"]
[EventDate "2018.??.??"]

1. e4 e6 2. d4 d5 3. Nc3 Bb4 4. e5 c5 5. a3 Bxc3+ 6. bxc3 Ne7 7. Nf3 Bd7 8. Bd3
Ba4 9. O-O h6 10. Bd2 Qc7 11. Rb1 Nd7 12. Ne1 a6 13. Qg4 c4 14. Be2 Nf5 15. Qh3
O-O-O 16. Bg4 g6 17. Bxf5 gxf5 18. Qh5 Nb6 19. Qd1 Rdg8 20. g3 Qe7 21. Ng2 Nd7
22. Rb4 Bc6 23. Bf4 Nf8 24. Qd2 Rg6 25. Kh1 h5 26. Nh4 Rgg8 27. Ra1 Nh7 28. Nf3
Rg7 29. h3 1/2-1/2

[Event "SC Buer-Hassel 1 - SV Unser Fritz 1"]
[Site "Verbandsklasse - Gruppe 2 201"]
[Date "2018.10.07"]
[Round "2.6"]
[White "Strohmann, Andreas"]
[Black "Elsner, Mario"]
[Result "1-0"]
[WhiteElo "1865"]
[BlackElo "1794"]
[PlyCount "85"]
[EventDate "2018.??.??"]

1. e4 g6 2. d4 Bg7 3. Nc3 d6 4. Be2 a6 5. Be3 Nd7 6. Qd2 h6 7. f4 e6 8. h3 b5
9. d5 Ngf6 10. dxe6 fxe6 11. Bf3 e5 12. f5 g5 13. Nge2 Bb7 14. Ng3 Qe7 15. a4
b4 16. Nd5 Bxd5 17. exd5 e4 18. Be2 Qe5 19. Nh5 Nxh5 20. Bxh5+ Ke7 21. O-O Qxb2
22. Rab1 Qc3 23. Rxb4 Qxd2 24. Rxe4+ Be5 25. Bxd2 Nf6 26. Rxe5+ dxe5 27. Bb4+
Kd7 28. Bf7 Rhb8 29. Be6+ Ke8 30. Bc3 Nd7 31. Ba5 Rb2 32. Bxc7 Ra7 33. Bd6 Nf8
34. f6 Rf7 35. c4 Rd2 36. Bxe5 Re2 37. Rb1 Nd7 38. Bxf7+ Kxf7 39. Bd4 Re4 40.
Rd1 Nxf6 41. Bxf6 Kxf6 42. d6 Re8 43. c5 1-0

[Event "SC Buer-Hassel 1 - SV Unser Fritz 1"]
[Site "Verbandsklasse - Gruppe 2 201"]
[Date "2018.10.07"]
[Round "2.7"]
[White "Tober, Julian"]
[Black "Lazarev, Vadim"]
[Result "0-1"]
[WhiteElo "1718"]
[BlackElo "1759"]
[PlyCount "96"]
[EventDate "2018.??.??"]

1. e4 e5 2. Nf3 Nc6 3. d4 exd4 4. Bc4 Nf6 5. e5 d5 6. Bb5 Ne4 7. Nxd4 Bd7 8.
Bxc6 bxc6 9. O-O Bb4 10. Nd2 Qh4 11. Nxe4 Qxe4 12. c3 Be7 13. Re1 Qg6 14. Qe2
O-O 15. e6 fxe6 16. Nxe6 Bxe6 17. Qxe6+ Qxe6 18. Rxe6 Bd6 19. Be3 Kf7 20. Rxd6
cxd6 21. Rd1 a5 22. g3 Ke6 23. a3 a4 24. Bf4 c5 25. Kg2 Rab8 26. Rd2 h6 27. h4
Rb3 28. Re2+ Kd7 29. Be3 Re8 30. Rc2 Kc6 31. g4 Kb5 32. g5 h5 33. Bc1 Re4 34.
f4 g6 35. Kf3 Kc4 36. Be3 Rb8 37. Rd2 Rbe8 38. Bf2 R8e7 39. Bg1 Re1 40. Bf2 Rc1
41. Bg3 Rb1 42. f5 Rf1+ 43. Bf2 gxf5 44. Kf4 Re4+ 45. Kxf5 Rxh4 46. Kg6 Rh2 47.
Be3 Rxd2 48. Bxd2 h4 0-1

[Event "SC Buer-Hassel 1 - SV Unser Fritz 1"]
[Site "Verbandsklasse - Gruppe 2 201"]
[Date "2018.10.07"]
[Round "2.8"]
[White "Wingerning, Gerd"]
[Black "Zeleny, Luca"]
[Result "1-0"]
[WhiteElo "1738"]
[BlackElo "1551"]
[PlyCount "47"]
[EventDate "2018.??.??"]

1. e4 d6 2. d4 Nf6 3. Nc3 g6 4. Nf3 Bg7 5. Bc4 O-O 6. Be3 Bg4 7. h3 Bxf3 8.
Qxf3 c5 9. O-O-O Qc7 10. dxc5 a6 11. g4 h5 12. gxh5 Nxh5 13. Rhg1 e6 14. Rxd6
Nc6 15. Rdd1 Ne5 16. Qe2 Nd7 17. Rxg6 fxg6 18. Bxe6+ Kh8 19. Rxd7 Qe5 20. Bd5
Nf4 21. Qg4 g5 22. h4 Bh6 23. Bxb7 Rab8 24. Bd4 1-0

[Event "SK Germania Kupferdreh 1 - Rochade Stee"]
[Site "Verbandsklasse - Gruppe 2 201"]
[Date "2018.10.07"]
[Round "2.1"]
[White "Happe, Ulrich"]
[Black "Unteregge, Michael"]
[Result "1/2-1/2"]
[WhiteElo "2091"]
[BlackElo "2018"]
[PlyCount "37"]
[EventDate "2018.??.??"]

1. c4 e5 2. Nc3 Nf6 3. g3 Bb4 4. Bg2 O-O 5. Nd5 Nxd5 6. cxd5 c6 7. a3 Bc5 8. e3
cxd5 9. Bxd5 Nc6 10. b4 Bb6 11. Bb2 d6 12. Ne2 Bh3 13. Nc3 Qd7 14. f3 Be6 15.
O-O Ne7 16. Bxe6 Qxe6 17. Kg2 Rac8 18. Na4 Bc7 19. e4 1/2-1/2

[Event "SK Germania Kupferdreh 1 - Rochade Stee"]
[Site "Verbandsklasse - Gruppe 2 201"]
[Date "2018.10.07"]
[Round "2.2"]
[White "Krimphoff, Ingo"]
[Black "Landau, Christian"]
[Result "1/2-1/2"]
[WhiteElo "1930"]
[BlackElo "2048"]
[PlyCount "30"]
[EventDate "2018.??.??"]

1. Nf3 g6 2. d4 Bg7 3. Bg5 c5 4. c3 Qb6 5. Qc2 d5 6. dxc5 Qxc5 7. Nbd2 Nf6 8.
e4 Nxe4 9. Nxe4 dxe4 10. Qxe4 Nc6 11. Qe3 Qxe3+ 12. Bxe3 Bg4 13. Be2 O-O 14.
O-O Ne5 15. Rfd1 b6 1/2-1/2

[Event "SK Germania Kupferdreh 1 - Rochade Stee"]
[Site "Verbandsklasse - Gruppe 2 201"]
[Date "2018.10.07"]
[Round "2.3"]
[White "Kirsch, Paul"]
[Black "PraemaÃŸing, Reiner"]
[Result "1/2-1/2"]
[WhiteElo "1929"]
[BlackElo "1834"]
[PlyCount "33"]
[EventDate "2018.??.??"]

1. d4 Nf6 2. c4 e6 3. Nf3 c5 4. e3 b6 5. Be2 Bb7 6. Nc3 Be7 7. d5 d6 8. e4 Nbd7
9. O-O Nf8 10. a4 e5 11. Qb3 a5 12. Ne1 h6 13. f4 exf4 14. Bxf4 g5 15. Be3 Ng6
16. Nd3 Bc8 17. Qd1 1/2-1/2

[Event "SK Germania Kupferdreh 1 - Rochade Stee"]
[Site "Verbandsklasse - Gruppe 2 201"]
[Date "2018.10.07"]
[Round "2.4"]
[White "Zagrabski, Kevin"]
[Black "Laarmann, Gerd"]
[Result "1/2-1/2"]
[WhiteElo "1871"]
[BlackElo "1799"]
[PlyCount "47"]
[EventDate "2018.??.??"]

1. d4 d5 2. Bf4 c6 3. c3 Bf5 4. Nf3 e6 5. e3 Bd6 6. Bg3 Nf6 7. Bd3 Bxd3 8. Qxd3
Qe7 9. Nbd2 Bxg3 10. hxg3 Nbd7 11. O-O-O O-O-O 12. Rh4 Nf8 13. Ne5 Ng6 14. Nxg6
hxg6 15. Rdh1 Rxh4 16. Rxh4 g5 17. Rh1 Ng4 18. Qe2 Nh6 19. e4 c5 20. exd5 Rxd5
21. Qc4 Kb8 22. Re1 Qd8 23. Nb3 cxd4 24. Nxd4 1/2-1/2

[Event "SK Germania Kupferdreh 1 - Rochade Stee"]
[Site "Verbandsklasse - Gruppe 2 201"]
[Date "2018.10.07"]
[Round "2.5"]
[White "Greger, Helmut"]
[Black "Bauriedel, Friedrich"]
[Result "1/2-1/2"]
[WhiteElo "1915"]
[BlackElo "1838"]
[PlyCount "39"]
[EventDate "2018.??.??"]

1. c4 g6 2. d4 Bg7 3. Nf3 Nf6 4. g3 d6 5. Bg2 O-O 6. O-O Nbd7 7. Nc3 c6 8. e4
Qc7 9. Re1 e5 10. h3 a6 11. Be3 c5 12. d5 h6 13. Nh4 Nb6 14. b3 Kh7 15. Qd2 Ne8
16. g4 Qe7 17. g5 hxg5 18. Bxg5 Bf6 19. Nf3 Rh8 20. Bxf6 1/2-1/2

[Event "SK Germania Kupferdreh 1 - Rochade Stee"]
[Site "Verbandsklasse - Gruppe 2 201"]
[Date "2018.10.07"]
[Round "2.6"]
[White "Degner, Friedhelm"]
[Black "Schmitz, Juergen"]
[Result "1/2-1/2"]
[WhiteElo "1794"]
[BlackElo "1864"]
[PlyCount "34"]
[EventDate "2018.??.??"]

1. e4 Nf6 2. Nc3 d5 3. e5 d4 4. exf6 dxc3 5. fxg7 cxd2+ 6. Qxd2 Qxd2+ 7. Bxd2
Bxg7 8. O-O-O Bf5 9. Bf4 O-O 10. Bd3 Bg4 11. f3 Be6 12. Kb1 c6 13. Ne2 a5 14.
c3 Na6 15. Bg5 f6 16. Be3 Bf7 17. Bb6 Rfe8 1/2-1/2

[Event "SK Germania Kupferdreh 1 - Rochade Stee"]
[Site "Verbandsklasse - Gruppe 2 201"]
[Date "2018.10.07"]
[Round "2.7"]
[White "Schroeder, Marcel"]
[Black "Tiefenhoff, Christian"]
[Result "1/2-1/2"]
[WhiteElo "1515"]
[BlackElo "1971"]
[PlyCount "41"]
[EventDate "2018.??.??"]

1. c4 e6 2. Nc3 Nf6 3. e4 Nc6 4. Nf3 e5 5. Be2 Bc5 6. O-O O-O 7. a3 d6 8. d3 h6
9. b4 Bd4 10. Bb2 a6 11. Nxd4 Nxd4 12. Nd5 Nxe2+ 13. Qxe2 Nh7 14. f4 f6 15. f5
c6 16. Ne3 b5 17. Qg4 Bb7 18. Rf3 Kh8 19. Rg3 Rg8 20. Qg6 Qe8 21. Qg4 1/2-1/2

[Event "SK Germania Kupferdreh 1 - Rochade Stee"]
[Site "Verbandsklasse - Gruppe 2 201"]
[Date "2018.10.07"]
[Round "2.8"]
[White "Schaefer, Johannes"]
[Black "Thirumoolanathan, Aruran"]
[Result "1/2-1/2"]
[WhiteElo "1667"]
[BlackElo "1553"]
[PlyCount "29"]
[EventDate "2018.??.??"]

1. e4 d6 2. d4 Nf6 3. f3 g6 4. c4 Bg7 5. Nc3 O-O 6. Be3 e5 7. d5 Nh5 8. Nge2 f5
9. Qd2 f4 10. Bf2 Bf6 11. Nc1 c6 12. Nd3 Nd7 13. c5 Qe7 14. cxd6 Qxd6 15. Be2
1/2-1/2

[Event "SC Gerthe - Werne 1 - SV Kamen 2"]
[Site "Verbandsklasse - Gruppe 2 201"]
[Date "2018.10.07"]
[Round "2.1"]
[White "Georg, Felix"]
[Black "BrueggestraÃŸ, Volker"]
[Result "0-1"]
[WhiteElo "1989"]
[BlackElo "2017"]
[PlyCount "58"]
[EventDate "2018.??.??"]

1. d4 Nf6 2. Nf3 g6 3. b3 Bg7 4. Bb2 d5 5. Nbd2 O-O 6. e3 Bf5 7. c4 c6 8. Be2
Nbd7 9. O-O Re8 10. Nh4 e6 11. g3 Bh3 12. Re1 e5 13. Ndf3 e4 14. Ng5 Be6 15.
Ng2 Nf8 16. Nxe6 Nxe6 17. cxd5 cxd5 18. Qd2 Qd7 19. Rec1 Ng5 20. h4 Nh3+ 21.
Kf1 Qf5 22. Bd1 Bf8 23. Ne1 Bd6 24. Kg2 g5 25. Qe2 Kh8 26. g4 Nxg4 27. Kxh3
Nxe3+ 28. Qg4 Nxg4 29. Bxg4 Qxf2 0-1

[Event "SC Gerthe - Werne 1 - SV Kamen 2"]
[Site "Verbandsklasse - Gruppe 2 201"]
[Date "2018.10.07"]
[Round "2.2"]
[White "Berens, Thomas"]
[Black "Neumann, Carsten"]
[Result "1/2-1/2"]
[WhiteElo "1856"]
[BlackElo "2002"]
[PlyCount "86"]
[EventDate "2018.??.??"]

1. d4 g6 2. c4 Bg7 3. Nc3 d6 4. e4 e5 5. d5 f5 6. exf5 gxf5 7. Qh5+ Kf8 8. Bd3
Nf6 9. Qh4 Qe8 10. Nge2 Qg6 11. O-O Kf7 12. f3 Rf8 13. Be3 Ne8 14. c5 Bf6 15.
Qf2 Rg8 16. cxd6 cxd6 17. Rac1 Bd7 18. Kh1 a6 19. Bb6 Qh6 20. Rc2 f4 21. Ne4
Be7 22. g3 Bh3 23. Rg1 Nd7 24. Ba5 Nef6 25. Nxf6 Bxf6 26. gxf4 exf4 27. Bc3 Bh4
28. Qd4 Ne5 29. Qxf4+ Qxf4 30. Nxf4 Rxg1+ 31. Kxg1 Nxf3+ 32. Kh1 Bg4 33. Rg2
Ne5 34. Bxe5 Bf3 35. Bd4 Re8 36. Kg1 Re1+ 37. Bf1 Bxg2 38. Nxg2 Re4 39. Bc3 Bf6
40. Bd3 Re7 41. Bxf6 Kxf6 42. Kf2 b5 43. Ne3 Ke5 1/2-1/2

[Event "SC Gerthe - Werne 1 - SV Kamen 2"]
[Site "Verbandsklasse - Gruppe 2 201"]
[Date "2018.10.07"]
[Round "2.3"]
[White "Koch, Marcel"]
[Black "Loeffelbein, Klaus"]
[Result "1-0"]
[WhiteElo "1917"]
[BlackElo "1847"]
[Annotator "Daniel"]
[PlyCount "259"]
[EventDate "2018.??.??"]

1. d4 Nf6 2. c4 c5 3. Nf3 e6 4. Nc3 a6 5. Bg5 cxd4 6. Nxd4 Be7 7. e3 Qa5 8.
Bxf6 Bxf6 9. Be2 Nc6 10. O-O O-O 11. a3 Nxd4 12. exd4 d6 13. Ne4 Be7 14. b4 Qc7
15. Rc1 b6 16. Bf3 Bb7 17. c5 dxc5 18. dxc5 Rad8 19. cxb6 Qxb6 20. Qa4 Rd4 21.
Rfe1 $11 Rfd8 22. Rcd1 Bc6 23. Qc2 h6 24. Rxd4 Rxd4 25. g3 Bd5 26. Bg2 Rc4 27.
Qd3 a5 28. bxa5 Qxa5 29. Rd1 Qxa3 30. Qxa3 Bxa3 31. Nd2 Rd4 32. Bxd5 Rxd5 33.
Ra1 Bc5 34. Ra2 Kh7 35. Kg2 Bb4 36. Nf3 g5 37. h3 h5 38. Ra4 Bd6 39. Rc4 Kg6
40. Ra4 Be7 41. Ra7 $11 Bd6 42. Ra4 Rb5 43. Rc4 Be7 44. Rc7 Bb4 45. Rc4 Ba5 46.
Ra4 Bb6 47. Ra2 Bd8 48. Ra8 Bf6 49. Ra4 Rb2 50. Ra8 Rb4 51. Rg8+ Kh7 52. Rc8 e5
53. Rc6 Kg7 54. Rc5 Re4 55. Nd2 Re2 56. Rd5 Re1 57. Nf3 Re4 58. Nd2 Rd4 59.
Rxd4 exd4 60. Kf3 Kg6 61. Ke4 Bg7 62. g4 h4 63. Nc4 Bf6 64. Nd6 Bd8 65. f3 Bb6
66. Nc4 Ba7 $11 67. Ne5+ Kf6 68. Kd5 d3 69. Nxd3 Bb8 70. Nc5 Bh2 71. Ke4 Kg6
72. Nb3 Bb8 73. Nd4 Bh2 74. Kd5 Bb8 75. Nf5 Bh2 76. Kc6 Bf4 77. Kd7 Bc1 78. Ke8
Ba3 79. Ne3 Bc5 80. Nc4 Bd4 81. Nd6 f6 82. Kd7 Be5 83. Ke6 Bc3 84. Nf5 Bb2 85.
Ne7+ Kg7 86. Kf5 Bd4 87. Nc6 Bb2 88. Nd8 Bc1 89. Ne6+ Kf7 90. Nc5 Bb2 91. Ne4
Bd4 92. Nd6+ Ke7 93. Nb5 Bb2 94. Ke4 Be5 95. Na3 Ke6 96. Nc4 Bc3 97. Ne3 Be5
98. Nf5 Bh2 99. Nd4+ Kf7 100. Kf5 Bd6 101. Nb5 Be5 102. Na3 Bc3 103. Nc4 Bd4
104. Nd6+ Ke7 105. Ne4 Be5 106. Nxg5 Bb2 107. Ne4 Bd4 108. f4 Be3 109. Nxf6 Bd4
110. Nh7 Kf7 111. Ng5+ Kg8 112. Nf3 Bf2 113. Kg5 Kf7 114. Nxh4 Be3 115. Nf5 Bc1
116. h4 Kg8 117. h5 Kh7 118. Nd6 Ba3 119. Nc4 Be7+ 120. Kf5 Bb4 121. g5 Bc3
122. Ne3 Bd4 123. Ng4 Bc3 124. Ke6 Kg7 125. f5 Bb2 126. f6+ Kf8 127. g6 Kg8
128. f7+ Kf8 129. h6 Bf6 130. Ne5 1-0

[Event "SC Gerthe - Werne 1 - SV Kamen 2"]
[Site "Verbandsklasse - Gruppe 2 201"]
[Date "2018.10.07"]
[Round "2.4"]
[White "Melmer, Felix"]
[Black "Traunecker, Thomas"]
[Result "1-0"]
[WhiteElo "1851"]
[BlackElo "1871"]
[Annotator "Daniel"]
[PlyCount "101"]
[EventDate "2018.??.??"]

1. c4 e5 2. g3 Nf6 3. Bg2 d6 4. Nf3 Be7 5. O-O c6 6. Nc3 O-O 7. a3 a5 8. d4 Qc7
9. Rb1 Bf5 10. Ra1 h6 11. Nh4 Bh7 12. e4 Na6 13. Be3 Qd7 14. dxe5 dxe5 15. Qxd7
Nxd7 16. Rad1 Rfd8 17. Nf5 Bxf5 18. exf5 Ndc5 19. Ne4 f6 20. Nxc5 Nxc5 21. b4
Na4 22. b5 Nc3 23. Rxd8+ Rxd8 24. Bb6 Ne2+ 25. Kh1 Rc8 26. Re1 Nc3 27. Bxa5 Na4
28. bxc6 bxc6 29. f4 Nb2 30. fxe5 Nxc4 31. exf6 Bxf6 32. Bb4 Bd4 33. Rc1 Ne5
34. Bd6 Kf7 $11 35. Bxe5 Bxe5 36. Rxc6 Rxc6 37. Bxc6 Kf6 38. Bd7 g6 39. fxg6
Kxg6 40. Kg2 Bc7 41. h3 Ba5 42. Kf3 Be1 43. a4 Ba5 44. Ke4 Kf6 45. Kd5 Be1 46.
g4 Kg5 47. Kc5 Kh4 48. Kb5 Kxh3 49. g5+ Kh4 50. g6 Bc3 51. Kc4 1-0

[Event "SC Gerthe - Werne 1 - SV Kamen 2"]
[Site "Verbandsklasse - Gruppe 2 201"]
[Date "2018.10.07"]
[Round "2.5"]
[White "Spaeh, Jan Lukas"]
[Black "Steinke, Matthias"]
[Result "1-0"]
[WhiteElo "1812"]
[BlackElo "1787"]
[Annotator "Daniel"]
[PlyCount "105"]
[EventDate "2018.??.??"]

1. e4 e6 2. d3 d5 3. Nd2 c5 4. g3 Nc6 5. Bg2 Nf6 6. Ngf3 Be7 7. O-O O-O 8. Re1
dxe4 9. dxe4 e5 10. c3 h6 11. Qc2 Be6 12. Nf1 Qc7 13. Nh4 Nh7 14. Nf5 Bg5 15.
N1e3 Bxe3 16. Bxe3 b6 17. Rf1 Rad8 18. b3 Bxf5 19. exf5 f6 20. Rfd1 Ne7 21. Qe4
Rxd1+ 22. Rxd1 Rd8 23. Rxd8+ Qxd8 $11 24. h4 Nf8 25. Bf3 Qd7 26. g4 Nh7 27. Be2
Qc6 28. f3 Qxe4 29. fxe4 Nc8 30. Kf2 Nd6 31. Kf3 Kf7 32. b4 cxb4 33. cxb4 Nf8
34. a4 Nd7 35. Bd1 Ke7 36. Bb3 Kd8 37. Be6 Nf8 38. Bd5 Nd7 39. Be6 Nf8 40. Bd5
Nd7 41. g5 hxg5 42. hxg5 Kc7 43. Kg4 Kd8 44. Kh5 Ke7 45. Kg6 Kf8 46. a5 Nc8 47.
Be6 Ne7+ 48. Kh5 Ke8 49. Bxd7+ Kxd7 50. axb6 axb6 51. gxf6 gxf6 52. Bxb6 Ke8
53. Bc5 1-0